Gesammelte Werke [von Rosa Luxemburg] : 1893 bis 1905 Zweiter Halbband /

Obra en cinco volúmenes que reúne escritos selectos de Rosa Luxemburg, pensadora y revolucionaria polaca del socialismo, nacida en Zamosc, Rutenia en 1870 , quien tras obtener en 1897 la ciudadanía alemana se traslada a este país. En Alemania se une al Partido Socialdemócrata, se confronta con el re...

Πλήρης περιγραφή

Αποθηκεύτηκε σε:
Λεπτομέρειες βιβλιογραφικής εγγραφής
Κύριος συγγραφέας: Luxemburgo, Rosa (autor)
Άλλοι συγγραφείς: Radczun, G. (dirección editorial) (dirección editorial)
Μορφή: Βιβλίο
Γλώσσα:German
Έκδοση: Berlín, Alemania : Dietz, 1979, c1970
Σειρά:(Institut für Marxismus-Leninismus beim ZK der SED)
Θέματα:
Ετικέτες: Προσθήκη ετικέτας
Δεν υπάρχουν, Καταχωρήστε ετικέτα πρώτοι!

MARC

LEADER 00000nam^a2200000^a^4500
001 000187947
005 20250523000000.0
009 20260310102321.097
037 |a Acervo ITESO - Biblioteca 
041 |a ALE 
082 |a 320. 5323  |b LUX V. 1 
100 |a Luxemburgo, Rosa  |e (autor) 
240 1 1 |a [Gesammelte Werke von Rosa Luxemburg] 
245 1 0 |a Gesammelte Werke [von Rosa Luxemburg] :  |b 1893 bis 1905 Zweiter Halbband /  |c R. Luxemburg ; dir. editorial de G. Radczun. 
264 4 |a Berlín, Alemania :  |b Dietz,  |c 1979, c1970 
300 |a 667 p. 
336 |a texto  |b txt  |2 rdacontenido 
337 |a sin mediación  |b n  |2 rdamedio 
338 |a volumen  |b nc  |2 rdasoporte 
440 1 |a (Institut für Marxismus-Leninismus beim ZK der SED) 
520 |a Obra en cinco volúmenes que reúne escritos selectos de Rosa Luxemburg, pensadora y revolucionaria polaca del socialismo, nacida en Zamosc, Rutenia en 1870 , quien tras obtener en 1897 la ciudadanía alemana se traslada a este país. En Alemania se une al Partido Socialdemócrata, se confronta con el revisionismo de Bernstein y aborda el análisis del imperialismo, el agotamiento y destrucción del capitalismo. Se opone y crítica la concepción bolchevique del partido centralista autoritario ruso. Al estallar la Primera Guerra Mundial rompe con la socialdemocracia y participa después en la fundación de la Liga de Espartaco, que se transforma después en el Partido Comunista Alemán. Muere asesinada en Berlín el 15 de enero de 1919 por soldados enviados por el gobierno socialdemócrata para reprimir un intento de resurrección. Distribución de los volúmenes: V. 1 1893 bis 1905 Zweiter Halbband; V. 2 1906 bis Juni 1911; V. 3 Juli 1911 bis Juli 1914; V. 4 August 1914 bis Januar 1919; V. 5 Okonomische Schriften. 
649 |a XX 
650 |a Socialdemocracia -  |z Europa -  |x Historia 
650 |a Partidos Políticos -  |z Europa -  |x Historia 
650 |a Marxismo -  |z Europa -  |x Historia 
650 |a Comunismo -  |z Europa -  |x Historia 
650 |a Socialismo -  |z Europa -  |x Historia -  |x Tema Principal 
650 |a Política -  |z Europa -  |x Historia -  |y 1871-1918 
650 |a Política -  |z Europa -  |x Historia -  |y Siglo XX -  |x Tema Principal 
700 |a Radczun, G.  |e (dirección editorial) 
910 |a Fondo General 
920 |a Impresos - Libros 
930 |a Colección General 
905 |a 101 
901 |a 0500130381  |b IT1  |c ACC  |u 20250521 
902 |a https://opac.biblio.iteso.mx/vufind/Record/000187947